Welcome to the Holygrace Academy Library

Please use search bar below to get started

DESANTHARA KAVITHAKAL (Record no. 4201)

MARC details
000 -LEADER
fixed length control field 00281nam a22001337a 4500
082 ## - DEWEY DECIMAL CLASSIFICATION NUMBER
Classification number 894.812.1
Item number FAI/D
100 ## - MAIN ENTRY--AUTHOR NAME
Personal name FAISAL.M
245 ## - TITLE STATEMENT
Title DESANTHARA KAVITHAKAL
260 ## - PUBLICATION, DISTRIBUTION, ETC. (IMPRINT)
Place of publication MALPPURAM
Name of publisher DISHANA BOOKS
Year of publication 2015
300 ## - PHYSICAL DESCRIPTION
Number of Pages 129
520 ## - SUMMARY, ETC.
Summary, etc POETRY
650 ## - SUBJECT ADDED ENTRY--TOPICAL TERM
Topical Term POETRY
942 ## - ADDED ENTRY ELEMENTS (KOHA)
Koha item type Books
Holdings
Withdrawn status Lost status Collection code Home library Current library Shelving location Date acquired Source of acquisition Cost, normal purchase price Full call number Accession Number Koha item type
    Non-fiction Main Library Main Library SHELF-16H-MALAYALAM POEMS 11/12/2019 Purchase 130.00 894.812.1 FAI/D 12223 Books